| 000 | 00495nam a2200205Ia 4500 | ||
|---|---|---|---|
| 003 | OSt | ||
| 005 | 20230328114554.0 | ||
| 008 | 210423s2004 xx 000 0 und d | ||
| 020 | _a8176498688 | ||
| 040 | _cAL | ||
| 041 | _aeng | ||
| 082 |
_a547 _223 _b SORT |
||
| 100 |
_aSORELL (Thomas N). _978843 |
||
| 245 | _aOrganic chemistry. | ||
| 260 |
_aNew Delhi _bViva Books Pvt Ltd _c2004 |
||
| 300 |
_axi,1457 _bPB |
||
| 365 |
_b450 _cINR |
||
| 906 | _achemistry. ; Organic | ||
| 942 |
_2ddc _cBK |
||
| 999 |
_c154309 _d154309 |
||